[Event "32. Copenhagen Open (Politiken Cup)"]
[Site "Elsinore"]
[Date "2010.08.03"]
[Round "5"]
[White "Nielsen, Klaus"]
[Black "Bach, Matthias"]
[Result "0-1"]
[WhiteElo "2095"]
[BlackElo "2303"]
[PlyCount "102"]
[EventDate "2010.07.31"]
[EventType "swiss"]
[EventRounds "10"]
[EventCountry "DEN"]
[Source "ChessBase"]
[SourceDate "2010.09.01"]

1. d4 Nf6 2. Nf3 g6 3. Bf4 Bg7 4. e3 d6 5. h3 O-O 6. Be2 c5 7. c3 Qb6 8. Qc1
Nd5 9. Bg3 cxd4 10. exd4 e5 11. dxe5 dxe5 12. O-O Nc6 13. Nbd2 Re8 14. Bc4 Be6
15. Re1 Rad8 16. Qc2 f6 17. Rad1 Na5 18. Bd3 Ne7 19. c4 Nf5 20. c5 Qc7 21. Ne4
a6 22. b4 Nc6 23. Qb1 Ncd4 24. Nxd4 Rxd4 25. Bc2 Red8 26. Rxd4 Rxd4 27. f3 Nxg3
28. Nxg3 f5 29. Bb3 Qf7 30. Bxe6 Qxe6 31. a3 Qd5 32. Qc2 Bf6 33. Nf1 Bg5 34.
Ne3 Bxe3+ 35. Rxe3 Rd1+ 36. Kh2 Qd4 37. Re2 Qg1+ 38. Kg3 f4+ 39. Kg4 Qd4 40.
Qb3+ Kg7 41. Qxd1 Qxd1 42. Rxe5 Qd2 43. Re7+ Kf6 44. Rxh7 g5 45. g3 Qg2 46.
Rh6+ Kg7 47. Rh5 Kf6 48. Rh6+ Ke5 49. Kxg5 Qxg3+ 50. Kh5 Qxh3+ 51. Kg6 Qxf3 0-1

[Event "32. Copenhagen Open (Politiken Cup)"]
[Site "Elsinore"]
[Date "2010.08.03"]
[Round "5"]
[White "Nielsen, Lars Aaes"]
[Black "Harstad, Christian"]
[Result "1/2-1/2"]
[WhiteElo "2279"]
[BlackElo "2044"]
[PlyCount "130"]
[EventDate "2010.07.31"]
[EventType "swiss"]
[EventRounds "10"]
[EventCountry "DEN"]
[Source "ChessBase"]
[SourceDate "2010.09.01"]

1. e4 e5 2. Nf3 Nc6 3. Bb5 Nd4 4. Bc4 Nxf3+ 5. Qxf3 Nf6 6. O-O Be7 7. Qg3 O-O
8. Qxe5 c6 9. Nc3 d6 10. Qf4 d5 11. exd5 cxd5 12. Be2 Bd6 13. Qh4 d4 14. Nb5
Bc5 15. b4 Bxb4 16. Nxd4 Be7 17. Bb2 a6 18. Bd3 h6 19. Rae1 Re8 20. Nf5 Bxf5
21. Bxf5 Qxd2 22. Re3 Bc5 23. Rd3 Qg5 24. Bxf6 Qxf6 25. Qxf6 gxf6 26. g3 Re5
27. Rf3 Rd8 28. Bd3 Kg7 29. Kg2 Rd4 30. Rd1 Ra4 31. Bf1 Rxa2 32. Rd7 Rxc2 33.
Rxb7 a5 34. Bd3 Rd2 35. Bc4 Re7 36. Rb5 Bb4 37. Rf4 Re5 38. Rb7 Be7 39. Rg4+
Kf8 40. Bb5 f5 41. Rf4 Rb2 42. Bc6 Rxb7 43. Bxb7 Kg7 44. h4 Kg6 45. Bc8 Rc5 46.
Bd7 Rd5 47. Be8 Bf6 48. h5+ Kg7 49. Bc6 Rc5 50. Bd7 Bg5 51. Rf3 f4 52. gxf4 Bd8
53. Rd3 Bc7 54. f5 Kf6 55. Rd4 Kg5 56. Kf3 Kxh5 57. Ke4 f6 58. Rd1 Rc4+ 59. Ke3
Bb6+ 60. Kf3 Rc3+ 61. Kf4 Rc4+ 62. Kf3 Rc3+ 63. Kf4 Rc4+ 64. Kf3 Rc3+ 65. Kf4
Rc4+ 1/2-1/2

[Event "32. Copenhagen Open (Politiken Cup)"]
[Site "Elsinore"]
[Date "2010.08.03"]
[Round "5"]
[White "Nielsen, Preben"]
[Black "Larsen, Mikael"]
[Result "0-1"]
[WhiteElo "1911"]
[BlackElo "2088"]
[PlyCount "66"]
[EventDate "2010.07.31"]
[EventType "swiss"]
[EventRounds "10"]
[EventCountry "DEN"]
[Source "ChessBase"]
[SourceDate "2010.09.01"]

1. c4 Nf6 2. g3 c6 3. Bg2 d5 4. cxd5 cxd5 5. d4 Nc6 6. Nf3 e6 7. Nc3 Bb4 8. Bd2
O-O 9. O-O Bd7 10. Rc1 Rc8 11. a3 Be7 12. Re1 Qb6 13. Qc2 Nxd4 14. Nxd4 Qxd4
15. Be3 Qc4 16. Qd2 Qa6 17. Bd4 Bc6 18. e3 b5 19. Bf1 Qb7 20. b4 a6 21. Qb2
Rfd8 22. f4 Ne8 23. Red1 Bf8 24. Rc2 Nd6 25. Bd3 Nc4 26. Qa1 f6 27. Ne2 Qf7 28.
g4 e5 29. fxe5 fxe5 30. Rf1 Qe7 31. Bc5 Qg5 32. Ng3 Bxc5 33. bxc5 Qxe3+ 0-1

[Event "32. Copenhagen Open (Politiken Cup)"]
[Site "Elsinore"]
[Date "2010.08.03"]
[Round "5"]
[White "Nielsen, Rogvi Egilstoft"]
[Black "Veng, Johny"]
[Result "0-1"]
[WhiteElo "2062"]
[BlackElo "2294"]
[PlyCount "72"]
[EventDate "2010.07.31"]
[EventType "swiss"]
[EventRounds "10"]
[EventCountry "DEN"]
[Source "ChessBase"]
[SourceDate "2010.09.01"]

1. e4 g6 2. d4 Bg7 3. c4 d6 4. Nf3 Nf6 5. Nc3 O-O 6. Be3 Na6 7. Be2 e5 8. O-O
Qe8 9. dxe5 Ng4 10. Nd5 Nxe3 11. Nxe3 dxe5 12. a3 Nc5 13. Qc2 Ne6 14. Rfd1 c6
15. c5 Qe7 16. Rac1 Nd4 17. Nxd4 exd4 18. Nf1 Be6 19. Ng3 a5 20. Qa4 h5 21. Bd3
h4 22. Ne2 h3 23. g3 Bg4 24. Re1 Rfd8 25. Qb3 a4 26. Qc2 Bf3 27. Nf4 Bh6 28.
Qd2 Qg5 29. e5 Qg4 30. e6 fxe6 31. Bc4 Bxf4 32. Qxf4 Qxf4 33. gxf4 d3 34. Rcd1
Bxd1 35. Bxe6+ Kg7 36. Rxd1 Ra5 0-1

[Event "32. Copenhagen Open (Politiken Cup)"]
[Site "Elsinore"]
[Date "2010.08.03"]
[Round "5"]
[White "Nilsson, Anders1"]
[Black "Nielsen, Aage Sondergaard"]
[Result "1-0"]
[WhiteElo "2160"]
[BlackElo "1944"]
[PlyCount "89"]
[EventDate "2010.07.31"]
[EventType "swiss"]
[EventRounds "10"]
[EventCountry "DEN"]
[Source "ChessBase"]
[SourceDate "2010.09.01"]

1. d4 f5 2. Nc3 Nf6 3. Bg5 d5 4. Bxf6 exf6 5. e3 Be6 6. Qf3 c6 7. Bd3 g6 8. h4
Nd7 9. h5 Rg8 10. hxg6 hxg6 11. Nh3 Bd6 12. Nf4 Qe7 13. O-O-O O-O-O 14. Nxe6
Qxe6 15. Rh6 Bf8 16. Rh7 Bg7 17. Ne2 Nf8 18. Nf4 Qe8 19. Rhh1 Kb8 20. Kb1 Ka8
21. b3 Ne6 22. c4 Nxf4 23. Qxf4 Qe7 24. cxd5 cxd5 25. Qg3 Qf7 26. Rh7 Rd7 27.
Rc1 Rgd8 28. Bb5 Re7 29. Qd6 Qf8 30. Qg3 a6 31. Be2 Rc8 32. Rxc8+ Qxc8 33. Rh1
g5 34. Rc1 Qd7 35. Bd3 Bh6 36. Qh3 f4 37. Qxh6 fxe3 38. fxe3 Rxe3 39. Bc2 Qe7
40. Qh3 Ka7 41. Qc8 Re2 42. Qg4 a5 43. Qf3 Qe6 44. Bf5 Qa6 45. Bd3 1-0

[Event "32. Copenhagen Open (Politiken Cup)"]
[Site "Elsinore"]
[Date "2010.08.03"]
[Round "5"]
[White "Ochsner, Bjorn Moller"]
[Black "Olofsson Dolk, Mattis"]
[Result "1-0"]
[WhiteElo "2165"]
[BlackElo "1949"]
[PlyCount "67"]
[EventDate "2010.07.31"]
[EventType "swiss"]
[EventRounds "10"]
[EventCountry "DEN"]
[Source "ChessBase"]
[SourceDate "2010.09.01"]

1. e4 c5 2. Nf3 d6 3. d4 cxd4 4. Nxd4 Nf6 5. Nc3 a6 6. Bg5 e6 7. f4 Qc7 8. Bxf6
gxf6 9. Qd2 Nc6 10. O-O-O Bd7 11. Kb1 O-O-O 12. Be2 h5 13. Bf3 Be7 14. Nxc6
Bxc6 15. h4 Rdg8 16. Ne2 Kb8 17. Nd4 Bd7 18. Qe2 Rc8 19. c3 Qc5 20. f5 exf5 21.
exf5 Bxf5+ 22. Ka1 Rce8 23. Nxf5 Qxf5 24. Qc4 Rc8 25. Qxf7 Rc7 26. Rd5 Qc2 27.
Rxh5 Rhc8 28. Qb3 Qg6 29. Ra5 Qd3 30. Ra4 Ka7 31. Rd1 Qe3 32. a3 Kb8 33. Rxa6
f5 34. Rb6 1-0

[Event "32. Copenhagen Open (Politiken Cup)"]
[Site "Elsinore"]
[Date "2010.08.03"]
[Round "5"]
[White "Pawlak, Wojciech Zbignew"]
[Black "Andersen, Harry"]
[Result "0-1"]
[WhiteElo "1627"]
[BlackElo "1871"]
[PlyCount "24"]
[EventDate "2010.07.31"]
[EventType "swiss"]
[EventRounds "10"]
[EventCountry "DEN"]
[Source "ChessBase"]
[SourceDate "2010.09.01"]

1. Nf3 Nf6 2. g3 d5 3. Bg2 c5 4. O-O Nc6 5. d3 g6 6. Nbd2 Bg7 7. e4 O-O 8. Re1
Bg4 9. c3 Rc8 10. Qc2 d4 11. Nb3 dxc3 12. Nxc5 Bxf3 0-1

[Event "32. Copenhagen Open (Politiken Cup)"]
[Site "Elsinore"]
[Date "2010.08.03"]
[Round "5"]
[White "Pedersen, Carl Aage"]
[Black "Madsen, Dennis"]
[Result "0-1"]
[WhiteElo "1776"]
[BlackElo "1557"]
[PlyCount "64"]
[EventDate "2010.07.31"]
[EventType "swiss"]
[EventRounds "10"]
[EventCountry "DEN"]
[Source "ChessBase"]
[SourceDate "2010.09.01"]

1. d4 g6 2. c4 Bg7 3. Nc3 d6 4. e4 f5 5. Nf3 fxe4 6. Nxe4 Nf6 7. Ng3 Nc6 8. Be2
O-O 9. O-O Qe8 10. Bd2 e5 11. dxe5 dxe5 12. Bc3 Bg4 13. h3 Rd8 14. Qc2 Bh5 15.
Rad1 e4 16. Rxd8 Nxd8 17. Nh2 Bxe2 18. Qxe2 Qc6 19. Ng4 Nxg4 20. Bxg7 Rxf2 21.
Rxf2 Nxf2 22. Bd4 Nd3 23. Nxe4 Qxc4 24. Nf6+ Kg7 25. Qe7+ Nf7 26. Ne8+ Kg8 27.
Nf6+ Kg7 28. Nh5+ Kh6 29. Qh4 Nde5 30. Nf6+ Kg7 31. Qxh7+ Kxf6 32. Bxe5+ Nxe5
0-1

[Event "32. Copenhagen Open (Politiken Cup)"]
[Site "Elsinore"]
[Date "2010.08.03"]
[Round "5"]
[White "Pedersen, Jan Kaas"]
[Black "Kaaber Hansen, Jacob"]
[Result "0-1"]
[WhiteElo "2061"]
[BlackElo "2232"]
[PlyCount "58"]
[EventDate "2010.07.31"]
[EventType "swiss"]
[EventRounds "10"]
[EventCountry "DEN"]
[Source "ChessBase"]
[SourceDate "2010.09.01"]

1. d4 d5 2. Nf3 Nf6 3. Bg5 Ne4 4. Bh4 c5 5. e3 Qb6 6. Qc1 cxd4 7. exd4 g5 8.
Bg3 g4 9. Bxb8 Rxb8 10. Ne5 f6 11. f3 gxf3 12. Nxf3 e5 13. c3 Bg4 14. Be2 Rc8
15. dxe5 Qf2+ 16. Kd1 fxe5 17. Qc2 Qe3 18. Rf1 Bh6 19. Na3 O-O 20. Qd3 Nf2+ 21.
Rxf2 Qxf2 22. h3 Be6 23. Nxe5 Qg1+ 24. Kc2 Qxa1 25. Bg4 Rf2+ 26. Kb3 Qxb2+ 27.
Ka4 Bxg4 28. Nxg4 Rf4+ 29. c4 Rfxc4+ 0-1

[Event "32. Copenhagen Open (Politiken Cup)"]
[Site "Elsinore"]
[Date "2010.08.03"]
[Round "5"]
[White "Brondt, Nicolai Kvist"]
[Black "Bulski, Krzysztof"]
[Result "1/2-1/2"]
[WhiteElo "2152"]
[BlackElo "2434"]
[PlyCount "76"]
[EventDate "2010.07.31"]
[EventType "swiss"]
[EventRounds "10"]
[EventCountry "DEN"]
[Source "ChessBase"]
[SourceDate "2010.09.01"]

1. Nf3 d5 2. d4 Nf6 3. c4 c6 4. cxd5 cxd5 5. Nc3 Nc6 6. Bf4 Ne4 7. e3 Nxc3 8.
bxc3 g6 9. Bd3 Bg7 10. O-O O-O 11. Rb1 b6 12. c4 dxc4 13. Bxc4 Na5 14. Bd3 Be6
15. Qe2 Rc8 16. Rfc1 Qd5 17. a3 Rxc1+ 18. Rxc1 Rc8 19. Rxc8+ Bxc8 20. Qc2 Qc6
21. Qxc6 Nxc6 22. Bb5 Bb7 23. Kf1 a6 24. Bd3 b5 25. Bc7 e6 26. Bd6 Bf8 27. Bxf8
Kxf8 28. Ng5 b4 29. axb4 Nxb4 30. Be4 Bxe4 31. Nxe4 Ke7 32. Ke2 a5 33. Kd2 f5
34. Nc5 g5 35. Kc3 g4 36. Nb3 Nd5+ 37. Kc4 a4 38. Nc5 a3 1/2-1/2

[Event "32. Copenhagen Open (Politiken Cup)"]
[Site "Elsinore"]
[Date "2010.08.03"]
[Round "5"]
[White "Petersen, Jan Han"]
[Black "Haagen Larsen, Hans"]
[Result "0-1"]
[WhiteElo "1700"]
[BlackElo "1798"]
[PlyCount "112"]
[EventDate "2010.07.31"]
[EventType "swiss"]
[EventRounds "10"]
[EventCountry "DEN"]
[Source "ChessBase"]
[SourceDate "2010.09.01"]

1. d4 d6 2. c4 g6 3. e4 Bg7 4. Nc3 Nc6 5. Nf3 e5 6. Be3 Nxd4 7. Nxd4 exd4 8.
Bxd4 Bxd4 9. Qxd4 Qf6 10. O-O-O Qxd4 11. Rxd4 Bd7 12. Be2 Ne7 13. Rhd1 O-O 14.
c5 Nc6 15. R4d2 Be6 16. cxd6 cxd6 17. Rxd6 Rac8 18. Kb1 a6 19. R6d2 b5 20. Nd5
Kg7 21. f4 f5 22. e5 Rf7 23. Bf3 a5 24. Nf6 Nb4 25. Bd5 Bxd5 26. Nxd5 Rc4 27.
Nxb4 Rxb4 28. Rd4 Rxd4 29. Rxd4 Rb7 30. Rd5 a4 31. a3 b4 32. Kc2 bxa3 33. bxa3
Rc7+ 34. Kd2 Rc4 35. g3 h5 36. Rd7+ Kf8 37. Ra7 h4 38. Rb7 hxg3 39. hxg3 Rd4+
40. Ke3 Re4+ 41. Kf3 g5 42. Rb5 g4+ 43. Kf2 Ke7 44. Rb6 Rc4 45. Rf6 Rc2+ 46.
Kf1 Rc3 47. Rxf5 Rxa3 48. Rf6 Rxg3 49. Ra6 Rf3+ 50. Kg2 Rxf4 51. Kg3 Re4 52.
Rg6 Rxe5 53. Rxg4 Ra5 54. Kf3 Kd6 55. Ke3 a3 56. Kd3 a2 0-1

[Event "32. Copenhagen Open (Politiken Cup)"]
[Site "Elsinore"]
[Date "2010.08.03"]
[Round "5"]
[White "Petersen, Nils"]
[Black "Dyrgaard, Kristoffer"]
[Result "1/2-1/2"]
[WhiteElo "2053"]
[BlackElo "2254"]
[PlyCount "47"]
[EventDate "2010.07.31"]
[EventType "swiss"]
[EventRounds "10"]
[EventCountry "DEN"]
[Source "ChessBase"]
[SourceDate "2010.09.01"]

1. c4 e5 2. Nc3 d6 3. e3 g6 4. d4 Nc6 5. d5 Nce7 6. e4 Bg7 7. Be3 f5 8. f3 Nf6
9. Qd2 O-O 10. Bd3 Bd7 11. Nge2 Rf7 12. O-O f4 13. Bf2 g5 14. Kh1 h5 15. Rg1 g4
16. Raf1 Ng6 17. Qe1 Nh7 18. Nc1 Ng5 19. Be2 Bf6 20. Qd1 g3 21. hxg3 fxg3 22.
Bxg3 h4 23. Bf2 Nf4 24. Nd3 1/2-1/2

[Event "32. Copenhagen Open (Politiken Cup)"]
[Site "Elsinore"]
[Date "2010.08.03"]
[Round "5"]
[White "Petersen, Peter Birk"]
[Black "Kovchan, Alexander"]
[Result "1/2-1/2"]
[WhiteElo "2178"]
[BlackElo "2571"]
[PlyCount "80"]
[EventDate "2010.07.31"]
[EventType "swiss"]
[EventRounds "10"]
[EventCountry "DEN"]
[Source "ChessBase"]
[SourceDate "2010.09.01"]

1. e4 c5 2. Nc3 a6 3. g3 b5 4. Bg2 Bb7 5. d3 e6 6. Nf3 d6 7. O-O Nd7 8. Qe2 Ne7
9. Bd2 g6 10. Nd1 Bg7 11. c3 d5 12. Re1 d4 13. Nh4 Nc6 14. f4 e5 15. Nf3 a5 16.
Nf2 Qe7 17. Rac1 dxc3 18. bxc3 b4 19. Ng4 bxc3 20. Bxc3 O-O 21. Ne3 Nd4 22.
Bxd4 cxd4 23. Nd5 Qd6 24. fxe5 Nxe5 25. Nxe5 Qxe5 26. Rc5 Rfc8 27. Rec1 Bh6 28.
Rxc8+ Rxc8 29. Rxc8+ Bxc8 30. Qe1 Be3+ 31. Kh1 a4 32. Bf3 Ba6 33. Qd1 Kg7 34.
Kg2 Qb8 35. Qc2 a3 36. Qc6 Bxd3 37. Qf6+ Kh6 38. Qh4+ Kg7 39. Qf6+ Kh6 40. Qh4+
Kg7 1/2-1/2

[Event "32. Copenhagen Open (Politiken Cup)"]
[Site "Elsinore"]
[Date "2010.08.03"]
[Round "5"]
[White "Preuss, Flemming"]
[Black "Czarnota, Dorota"]
[Result "0-1"]
[WhiteElo "2039"]
[BlackElo "2214"]
[PlyCount "132"]
[EventDate "2010.07.31"]
[EventType "swiss"]
[EventRounds "10"]
[EventCountry "DEN"]
[Source "ChessBase"]
[SourceDate "2010.09.01"]

1. f4 d5 2. Nf3 g6 3. d3 c6 4. c3 Bg7 5. Qc2 Qb6 6. e4 Nf6 7. e5 Ng4 8. Qe2 h5
9. h3 Nh6 10. Be3 Qc7 11. Na3 Nf5 12. Bf2 c5 13. O-O-O Na6 14. Kb1 Bd7 15. g3
e6 16. Rg1 Ne7 17. Ng5 b5 18. Rc1 Rb8 19. Nc2 Qa5 20. Qd2 Nc6 21. Be1 c4 22. d4
Bf8 23. a3 Qb6 24. Rg2 Nc7 25. g4 a5 26. Rf2 b4 27. axb4 axb4 28. Nxb4 Nxb4 29.
cxb4 Na6 30. f5 gxf5 31. gxf5 exf5 32. b5 Qxb5 33. e6 fxe6 34. Qe3 Rh6 35. Bc3
Nb4 36. Rxf5 Be7 37. h4 Qa4 38. Bxb4 Qxb4 39. Rf2 Ra8 40. Bh3 Qa4 41. Bxe6 Bxe6
42. Nxe6 Qa2+ 43. Kc2 Qb3+ 44. Qxb3 cxb3+ 45. Kxb3 Rxe6 46. Rf5 Rb8+ 47. Ka2
Re2 48. Rb1 Rb5 49. Rxh5 Kd7 50. Rh7 Re4 51. Rd1 Rxh4 52. Rxh4 Bxh4 53. b3 Rb8
54. Kb2 Rc8 55. Rh1 Bf6 56. Rd1 Rc6 57. Rd3 Ke6 58. Ka3 Kf5 59. Ka4 Ke4 60. Rh3
Kxd4 61. Kb5 Rc3 62. Rh5 Rxb3+ 63. Kc6 Rc3+ 64. Kd6 Be5+ 65. Ke6 Rc6+ 66. Kf5
Rf6+ 0-1

[Event "32. Copenhagen Open (Politiken Cup)"]
[Site "Elsinore"]
[Date "2010.08.03"]
[Round "5"]
[White "Rasmussen, Morten(1956)"]
[Black "Jorgensen, Carina Eilegaard"]
[Result "0-1"]
[WhiteElo "1869"]
[BlackElo "2038"]
[PlyCount "44"]
[EventDate "2010.07.31"]
[EventType "swiss"]
[EventRounds "10"]
[EventCountry "DEN"]
[Source "ChessBase"]
[SourceDate "2010.09.01"]

1. d4 Nf6 2. c4 e6 3. g3 c5 4. Nf3 b6 5. Bg2 Bb7 6. d5 exd5 7. Nh4 g6 8. Nc3
Bg7 9. cxd5 O-O 10. O-O Na6 11. e4 d6 12. Be3 Re8 13. a4 Nb4 14. f4 Ba6 15. Rf2
Bd3 16. f5 Nxe4 17. Bxe4 Bxe4 18. fxg6 fxg6 19. Nxe4 Rxe4 20. Qf3 Qe8 21. Ng2
Nxd5 22. Re1 Nb4 0-1

[Event "32. Copenhagen Open (Politiken Cup)"]
[Site "Elsinore"]
[Date "2010.08.03"]
[Round "5"]
[White "Rasmussen, Ole H"]
[Black "Rasmussen, Morten Fredsgaard"]
[Result "1/2-1/2"]
[WhiteElo "1746"]
[BlackElo "1956"]
[PlyCount "51"]
[EventDate "2010.07.31"]
[EventType "swiss"]
[EventRounds "10"]
[EventCountry "DEN"]
[Source "ChessBase"]
[SourceDate "2010.09.01"]

1. e4 c6 2. d4 d5 3. Nc3 dxe4 4. Nxe4 Bf5 5. Ng3 Bg6 6. Nf3 Nd7 7. h4 h6 8. h5
Bh7 9. Bd3 Bxd3 10. Qxd3 e6 11. Bf4 Qa5+ 12. Bd2 Qc7 13. O-O-O Ngf6 14. Ne4
O-O-O 15. Nxf6 Nxf6 16. Qe2 Bd6 17. c4 c5 18. Kb1 cxd4 19. Nxd4 a6 20. Nb3 Bc5
21. Bc3 Rxd1+ 22. Rxd1 Rd8 23. Rxd8+ Kxd8 24. Bxf6+ gxf6 25. Nxc5 Qxc5 26. g4
1/2-1/2

[Event "32. Copenhagen Open (Politiken Cup)"]
[Site "Elsinore"]
[Date "2010.08.03"]
[Round "5"]
[White "Rej, Tomek"]
[Black "Petersen, Steen"]
[Result "1-0"]
[WhiteElo "2334"]
[BlackElo "2152"]
[PlyCount "45"]
[EventDate "2010.07.31"]
[EventType "swiss"]
[EventRounds "10"]
[EventCountry "DEN"]
[Source "ChessBase"]
[SourceDate "2010.09.01"]

1. e4 e5 2. Nf3 Nc6 3. Bc4 Nf6 4. d4 exd4 5. e5 Ne4 6. Qe2 Nc5 7. c3 Ne6 8.
cxd4 Ncxd4 9. Nxd4 Nxd4 10. Qe4 Ne6 11. O-O Bc5 12. Nc3 Rb8 13. b4 Bxb4 14.
Bxe6 Bxc3 15. Bxf7+ Kxf7 16. Qf3+ Kg6 17. Qxc3 b5 18. Qg3+ Kf7 19. Bg5 Qe8 20.
e6+ Kg8 21. Bf6 Qg6 22. Qxc7 Ra8 23. Qd8+ 1-0

[Event "32. Copenhagen Open (Politiken Cup)"]
[Site "Elsinore"]
[Date "2010.08.03"]
[Round "5"]
[White "Roelvaag, Mikael"]
[Black "Jensen, Morten Frank"]
[Result "1-0"]
[WhiteElo "2187"]
[BlackElo "2005"]
[PlyCount "97"]
[EventDate "2010.07.31"]
[EventType "swiss"]
[EventRounds "10"]
[EventCountry "DEN"]
[Source "ChessBase"]
[SourceDate "2010.09.01"]

1. d4 Nf6 2. Nf3 e6 3. Bf4 b6 4. Nbd2 Bb7 5. e3 c5 6. c3 d5 7. Bb5+ Bc6 8. Bd3
Nbd7 9. h3 Be7 10. O-O Ne4 11. Ne5 Nxe5 12. dxe5 g5 13. Bh2 Nxd2 14. Qxd2 h5
15. Qe2 Qd7 16. Rfd1 Qc7 17. Ba6 Kf8 18. Bd3 Kg7 19. e4 dxe4 20. Bxe4 Bxe4 21.
Qxe4 Rad8 22. f4 Rxd1+ 23. Rxd1 Rd8 24. Rf1 c4 25. fxg5 Qc5+ 26. Kh1 Qd5 27.
Qf4 Rf8 28. Bg1 Kg6 29. h4 Bd8 30. Bd4 a6 31. Kh2 b5 32. Kh3 Qd7 33. Qe4+ Kg7
34. g4 hxg4+ 35. Kxg4 Rh8 36. Qf3 Kg8 37. Bg1 Qe8 38. Kg3 Rh7 39. Be3 Bc7 40.
Bf4 Qb8 41. Qe2 Kg7 42. h5 Rh8 43. h6+ Kf8 44. Qe4 Ke7 45. Rd1 Rd8 46. Rxd8
Qxd8 47. g6 Qd1 48. g7 Qg1+ 49. Qg2 1-0

[Event "32. Copenhagen Open (Politiken Cup)"]
[Site "Elsinore"]
[Date "2010.08.03"]
[Round "5"]
[White "Satre, Roger"]
[Black "Eklund, Joel"]
[Result "0-1"]
[WhiteElo "1801"]
[BlackElo "2192"]
[PlyCount "76"]
[EventDate "2010.07.31"]
[EventType "swiss"]
[EventRounds "10"]
[EventCountry "DEN"]
[Source "ChessBase"]
[SourceDate "2010.09.01"]

1. e4 c5 2. Nc3 e6 3. g3 Nc6 4. Bg2 g6 5. d3 Bg7 6. Be3 d6 7. Qd2 Bd7 8. f4
Nge7 9. h3 Rb8 10. g4 f5 11. g5 b5 12. h4 b4 13. Nd1 a5 14. h5 O-O 15. hxg6
hxg6 16. Ne2 Nd4 17. c3 Nxe2 18. Qxe2 a4 19. Rc1 a3 20. d4 axb2 21. Qxb2 fxe4
22. Bxe4 Nf5 23. Bxf5 exf5 24. dxc5 bxc3 25. Qa3 Qe7 26. Kf2 d5 27. Nxc3 d4 28.
Bd2 dxc3 29. Bxc3 Bc6 30. Bxg7 Qxg7 31. Rh6 Qb2+ 32. Qxb2 Rxb2+ 33. Kg3 Kg7 34.
a4 Re8 35. Rc3 Rg2+ 36. Kh3 Re1 37. Kh4 Rh1+ 38. Rh3 Rg4# 0-1

[Event "32. Copenhagen Open (Politiken Cup)"]
[Site "Elsinore"]
[Date "2010.08.03"]
[Round "5"]
[White "Schmidt, Horst Hubert"]
[Black "Stray, Gunnar"]
[Result "0-1"]
[WhiteElo "1878"]
[BlackElo "2055"]
[PlyCount "78"]
[EventDate "2010.07.31"]
[EventType "swiss"]
[EventRounds "10"]
[EventCountry "DEN"]
[Source "ChessBase"]
[SourceDate "2010.09.01"]

1. Nf3 e6 2. d4 f5 3. Nc3 Nf6 4. Bg5 d5 5. e3 Be7 6. Be2 O-O 7. O-O Nbd7 8. Bf4
c6 9. a4 a5 10. h3 Ne4 11. Ne5 g5 12. Nxd7 Bxd7 13. Be5 Nd6 14. f4 Nf7 15. Bh5
Nxe5 16. fxe5 Be8 17. Bf3 Bg6 18. b3 Qe8 19. g4 f4 20. e4 Bb4 21. Nxd5 cxd5 22.
exd5 Qe7 23. dxe6 Rad8 24. d5 Qc5+ 25. Kh1 Bxc2 26. Qe2 Rxd5 27. e7 Re8 28.
Rac1 Rd2 29. Qc4+ Qxc4 30. bxc4 Rxe7 31. Bd5+ Rxd5 32. cxd5 Be4+ 33. Kh2 Bxd5
34. h4 h6 35. Rc8+ Kf7 36. hxg5 hxg5 37. e6+ Rxe6 38. Rd1 Rh6+ 39. Kg1 Rh1+ 0-1

[Event "32. Copenhagen Open (Politiken Cup)"]
[Site "Elsinore"]
[Date "2010.08.03"]
[Round "5"]
[White "Schmied, Andreas"]
[Black "Percivaldi, Martin"]
[Result "1-0"]
[WhiteElo "2069"]
[BlackElo "1767"]
[PlyCount "115"]
[EventDate "2010.07.31"]
[EventType "swiss"]
[EventRounds "10"]
[EventCountry "DEN"]
[Source "ChessBase"]
[SourceDate "2010.09.01"]

1. d4 d5 2. c4 c6 3. Nf3 Nf6 4. e3 a6 5. Bd3 b5 6. b3 Bg4 7. Nbd2 Nbd7 8. Qc2
e6 9. O-O Bd6 10. Bb2 Bxf3 11. Nxf3 Qc7 12. Rfc1 Rc8 13. cxb5 cxb5 14. Qd2 Qb7
15. Rxc8+ Qxc8 16. Rc1 Qb7 17. Qc2 Ke7 18. h3 Nb6 19. Ne5 Rc8 20. Qd1 Nbd7 21.
f4 g6 22. Rc2 Ne8 23. Qc1 Rc7 24. Rxc7 Qxc7 25. Qxc7 Bxc7 26. Ba3+ Bd6 27.
Bxd6+ Nxd6 28. Nc6+ Ke8 29. a4 Nb6 30. axb5 axb5 31. Na7 b4 32. Nc6 Nb7 33.
Nxb4 Na5 34. Bc2 Nc8 35. Nd3 Nd6 36. Nc5 Kd8 37. g4 Kc7 38. Kf2 Kb6 39. Bd3
Ndb7 40. Nd7+ Kc7 41. Nf6 Nxb3 42. Nxh7 Nd6 43. Ng5 Na5 44. Bxg6 fxg6 45. Nxe6+
Kb6 46. Nf8 Ne4+ 47. Kf3 g5 48. fxg5 Nxg5+ 49. Kg3 Nc4 50. h4 Ne4+ 51. Kf4 Ncd6
52. g5 Kb5 53. h5 Kc4 54. Nd7 Kd3 55. h6 Nxg5 56. Ne5+ Ke2 57. Kxg5 Kxe3 58. h7
1-0

[Event "32. Copenhagen Open (Politiken Cup)"]
[Site "Elsinore"]
[Date "2010.08.03"]
[Round "5"]
[White "Seirup, Simon"]
[Black "Andreassen, Mikkel"]
[Result "0-1"]
[WhiteElo "1653"]
[BlackElo "1968"]
[PlyCount "54"]
[EventDate "2010.07.31"]
[EventType "swiss"]
[EventRounds "10"]
[EventCountry "DEN"]
[Source "ChessBase"]
[SourceDate "2010.09.01"]

1. e4 e5 2. f4 Bc5 3. Nf3 d6 4. Nc3 Nf6 5. Bc4 Nc6 6. d3 a6 7. fxe5 dxe5 8. Bg5
h6 9. Bh4 g5 10. Bg3 Bg4 11. Nd5 Nh5 12. Rf1 Nxg3 13. hxg3 Qd6 14. Qd2 O-O-O
15. Nh2 Be6 16. O-O-O f5 17. Bb3 Rhf8 18. Ne3 Bxb3 19. axb3 f4 20. gxf4 gxf4
21. Nc4 Qe6 22. c3 b5 23. b4 Ba7 24. Kc2 bxc4 25. Ra1 Be3 26. Qe1 cxd3+ 27. Kd1
Qb3# 0-1

[Event "32. Copenhagen Open (Politiken Cup)"]
[Site "Elsinore"]
[Date "2010.08.03"]
[Round "5"]
[White "Sjol, Henrik"]
[Black "Boje, Tobias Rosholm"]
[Result "1/2-1/2"]
[WhiteElo "1849"]
[BlackElo "2028"]
[PlyCount "35"]
[EventDate "2010.07.31"]
[EventType "swiss"]
[EventRounds "10"]
[EventCountry "DEN"]
[Source "ChessBase"]
[SourceDate "2010.09.01"]

1. d4 d5 2. Nf3 Nf6 3. e3 e6 4. Bd3 c5 5. c3 Nc6 6. Nbd2 Bd6 7. O-O O-O 8. dxc5
Bxc5 9. e4 Qc7 10. Qe2 Ne5 11. Nxe5 Qxe5 12. Nf3 Qh5 13. e5 Nd7 14. Re1 f6 15.
exf6 Nxf6 16. Ne5 Qxe2 17. Rxe2 Bd6 18. Bd2 1/2-1/2

[Event "32. Copenhagen Open (Politiken Cup)"]
[Site "Elsinore"]
[Date "2010.08.03"]
[Round "5"]
[White "Skjoldager, Flemming"]
[Black "Schultz Pedersen, Jesper"]
[Result "0-1"]
[WhiteElo "2006"]
[BlackElo "2206"]
[PlyCount "80"]
[EventDate "2010.07.31"]
[EventType "swiss"]
[EventRounds "10"]
[EventCountry "DEN"]
[Source "ChessBase"]
[SourceDate "2010.09.01"]

1. Nf3 d5 2. d4 c5 3. c3 Nc6 4. Bf4 e6 5. e3 Nf6 6. Nbd2 Bd6 7. Bxd6 Qxd6 8.
Bd3 O-O 9. O-O e5 10. dxe5 Nxe5 11. Nxe5 Qxe5 12. h3 Bd7 13. Qf3 Rfe8 14. Rad1
Ba4 15. Rde1 Bc6 16. Qf5 Qxf5 17. Bxf5 Bb5 18. Rd1 Bxf1 19. Kxf1 g6 20. Bc2 a5
21. Ba4 Red8 22. Nf3 Kf8 23. Ke2 Ke7 24. Rd3 Ne8 25. Bxe8 Kxe8 26. Rd2 Ke7 27.
Kd1 f6 28. a3 g5 29. Ne1 b6 30. Nc2 Kd6 31. b3 Kc6 32. Ke2 Rd7 33. g3 Re8 34.
Kf3 h5 35. Ke2 Rg7 36. a4 Rd7 37. Kd1 h4 38. g4 f5 39. f3 fxg4 40. fxg4 Rf7 0-1